000 00515nam a2200157 i 4500
001 99427
003 ES-MaACL
005 20230906182509.0
007 t|
008 050908s1972 sp ||||1| spa d
100 1 _aMartín Sanz, Dionisio.
_977655
245 1 3 _aLa planificación española en la olimpiada de las ideologías
_b: crítica del III Plan de Desarrollo /
_cDionisio Martín Sanz.
260 _aMadrid :
_bAfrodisio Aguado,
_c1972.
300 _a322 p. ;
_c22 cm.
852 _aES-MaACL
_jC-48476
_bR.83374
999 _c99427
_d99427